NBA Top 100 All-Time: Defensive Win Shares - Statistics

General Stats
  • This quiz has been taken 543 times
    25 since last reset
  • The average score is 64 of 100
Answer Stats
# Player DWS % Correct
1 Bill Russell 133.64
100%
37 Clifford Robinson 55.89
100%
11 David Robinson 80.14
100%
79 DeAndre Jordan 45.44
100%
41 Dennis Rodman 54.46
100%
73 Draymond Green 46.03
100%
51 Kobe Bryant 50.66
100%
23 Michael Jordan 64.13
100%
5 Wilt Chamberlain 93.92
100%
19 Dikembe Mutombo 68.53
94%
20 Scottie Pippen 67.29
94%
21 Shaquille O'Neal 66.36
94%
2 Tim Duncan 106.34
94%
33 Chris Paul 59.92
89%
67 Dwyane Wade 47.38
89%
4 Hakeem Olajuwon 94.47
89%
91 Kawhi Leonard 43.48
89%
46 Kevin Durant 53.71
89%
8 LeBron James 85.68
89%
18 Ben Wallace 70.58
83%
58 James Harden 48.98
83%
3 Kareem Abdul-Jabbar 94.49
83%
6 Karl Malone 92.41
83%
7 Kevin Garnett 91.48
83%
32 Moses Malone 60.54
83%
35 Rasheed Wallace 57.12
83%
17 Robert Parish 72.94
83%
45 Russell Westbrook 53.85
83%
27 Dirk Nowitzki 62.57
78%
12 Dwight Howard 76.17
78%
14 Jason Kidd 75.14
78%
71 Jermaine O'Neal 46.12
78%
22 John Stockton 64.93
78%
16 Julius Erving 73.81
78%
34 Larry Bird 59.03
78%
93 Bobby Jones 43.22
72%
50 Caldwell Jones 51.55
72%
44 Charles Barkley 53.91
72%
38 Dave Cowens 55.83
72%
90 Eddie Jones 43.48
72%
60 Gary Payton 48.85
72%
74 Giannis Antetokounmpo 45.95
72%
57 Horace Grant 49.26
72%
15 John Havlicek 74.09
72%
80 Magic Johnson 45.23
72%
100 Marc Gasol 42.42
72%
10 Patrick Ewing 81.42
72%
42 Pau Gasol 54.14
72%
59 Paul George 48.97
72%
88 Sam Jones 43.71
72%
63 Alonzo Mourning 47.97
67%
70 Anthony Davis 46.41
67%
64 Chris Webber 47.83
67%
53 Clyde Drexler 49.94
67%
66 Manu Ginóbili 47.42
67%
62 Mark Eaton 48.02
67%
39 Rudy Gobert 55.30
67%
77 Tony Parker 45.54
67%
83 Vince Carter 44.59
67%
24 Wes Unseld 64.11
67%
55 Bill Laimbeer 49.33
61%
29 Buck Williams 61.79
61%
98 Dennis Johnson 42.67
61%
9 Elvin Hayes 83.65
61%
48 Shawn Kemp 52.17
61%
13 Artis Gilmore 75.54
56%
52 Bob Cousy 50.48
56%
28 Nate Thurmond 62.23
56%
26 Paul Pierce 63.11
56%
30 Shawn Marion 61.27
56%
75 Tyson Chandler 45.78
56%
43 Al Horford 53.91
44%
54 Andre Iguodala 49.55
44%
25 Charles Oakley 63.34
44%
36 Dolph Schayes 56.15
44%
87 Elton Brand 43.83
44%
97 LaMarcus Aldridge 42.77
44%
40 Marcus Camby 54.89
44%
84 Walt Frazier 44.47
44%
85 Bob Pettit 44.23
39%
31 Jack Sikma 60.69
39%
99 Maurice Cheeks 42.62
39%
56 Andre Drummond 49.29
33%
65 Dave DeBusschere 47.69
33%
82 Larry Nance 44.60
33%
95 Sam Perkins 43.05
33%
68 Dan Issel 47.00
28%
61 P.J. Brown 48.51
28%
86 Ron Harper 44.10
28%
47 Vlade Divac 52.90
28%
89 Alvan Adams 43.64
22%
72 George McGinnis 46.12
22%
69 Kevin Willis 46.95
22%
76 Paul Millsap 45.74
22%
96 Nikola Vučević 42.92
17%
81 Otis Thorpe 44.80
17%
94 Robert Horry 43.05
17%
78 Terry Cummings 45.47
17%
49 Paul Silas 51.74
11%
92 Jerome Kersey 43.24
0%
No matching quizzes found
Score Distribution
Percent of People with Each Score
Percentile by Number Answered
Your Score History
You have not taken this quiz since the last reset